000 00596nam a2200193Ia 4500
005 20260114185620.0
008 008 260114s9999 xx 000 0 eng d
020 _a9798400684968
037 _aEBOOK
040 _aCRL
_beng
_cCRL
041 _aeng
_2eng
084 _qCRL
100 _aJane R. McIntosh
_9872255
245 0 _aMesopotamia and the Rise of Civilization History, Documents, and Key Questions
260 _bBloomsbury
_c2017
856 _uhttps://doi.org/10.5040/9798400684968?locatt=label:secondary_bloomsburyCollections
942 _cEBOOK
999 _c1471203
_d1471203